Microsoft Exchange Server 2000
Documents practices and techniques that have been developed for managing the Exchange messaging application<-->mainly with an eye on large deployments<-->and for upgrading from version 5.5 to Exchange 2000. The author, who is vice president at Compaq Global Services, discusses the web st...
שמור ב:
| מחבר ראשי: | |
|---|---|
| פורמט: | ספר |
| שפה: | Undetermined |
| יצא לאור: |
Italy
Tecniche nuove
2001
|
| נושאים: | |
| תגים: |
הוספת תג
אין תגיות, היה/י הראשונ/ה לתייג את הרשומה!
|
| Thư viện lưu trữ: | Trung tâm Học liệu Trường Đại học Cần Thơ |
|---|
| LEADER | 00969nam a2200205Ia 4500 | ||
|---|---|---|---|
| 001 | CTU_157798 | ||
| 008 | 210402s9999 xx 000 0 und d | ||
| 020 | |c 38.73 | ||
| 082 | |a 005.369 | ||
| 082 | |b R318 | ||
| 100 | |a Redmond, Tony | ||
| 245 | 0 | |a Microsoft Exchange Server 2000 | |
| 245 | 0 | |c Tony Redmond | |
| 260 | |a Italy | ||
| 260 | |b Tecniche nuove | ||
| 260 | |c 2001 | ||
| 520 | |a Documents practices and techniques that have been developed for managing the Exchange messaging application<-->mainly with an eye on large deployments<-->and for upgrading from version 5.5 to Exchange 2000. The author, who is vice president at Compaq Global Services, discusses the web storage system, storage groups, instant messaging, and the interaction between Exchange 2000 and the Windows 2000 active directory | ||
| 650 | |a Client/server computing,Máy tính chủ/khách hàng | ||
| 904 | |i Trọng Hải | ||
| 980 | |a Trung tâm Học liệu Trường Đại học Cần Thơ | ||